[Event "Frome Open 2025"]
[Site "Selwood Academy, Frome"]
[Date "2025.05.17"]
[Round "3.12"]
[White "Coffey, Anthony"]
[Black "Ashworth, Michael"]
[Result "0-1"]
[WhiteElo "1991"]
[BlackElo "2041"]
[PlyCount "80"]
[GameId "2186291927066215"]
[EventDate "2025.05.16"]
[SourceTitle "Frome Open 2025"]
[Source "David Tipper"]
[SourceDate "2025.05.19"]
[SourceVersion "1"]
[SourceVersionDate "2025.05.19"]
[SourceQuality "1"]

1. Nf3 g6 2. d4 Bg7 3. e4 d6 4. h3 Nd7 5. Nc3 a6 6. a4 b6 7. Bc4 e6 8. O-O Bb7 9. Re1 Ne7 10. Bf4 h6 11. Qd2 g5 12. Bg3 Ng6 13. Rad1 Nf6 14. e5 Nh5 15. d5 Nxg3 16. fxg3 Nxe5 17. Nxe5 dxe5 18. Qe2 exd5 19. Nxd5 Qd6 20. Ne3 Qc5 21. Qh5 O-O 22. Rd7 Rad8 23. Rxd8 Rxd8 24. Qxf7+ Kh8 25. c3 Rf8 26. Qh5 b5 27. axb5 axb5 28. Be6 Be4 29. Qe2 Bg6 30. Kh2 e4 31. Rd1 Qe5 32. Bg4 Qxg3+ 33. Kg1 Be5 34. Nf1 Qf4 35. g3 Qf6 36. Qg2 Qb6+ 37. Kh1 Rf2 38. Rd8+ Kg7 39. Rd7+ Kf6 40. Qg1 e3 0-1

[Event "Frome Open 2025"]
[Site "Selwood Academy, Frome"]
[Date "2025.05.17"]
[Round "3.13"]
[White "Hertog, Alexander"]
[Black "Zhang, Junyi"]
[Result "0-1"]
[WhiteElo "1909"]
[BlackElo "2109"]
[PlyCount "128"]
[GameId "2184414654910605"]
[EventDate "2025.05.16"]
[SourceTitle "Frome Open 2025"]
[Source "David Tipper"]
[SourceDate "2025.05.19"]
[SourceVersion "1"]
[SourceVersionDate "2025.05.19"]
[SourceQuality "1"]

{[%evp 0,30,11,26,16,23,15,7,-22,13,22,17,12,-7,-7,25,4,0,2,-39,-43,-43,-63,-52,-33,-23,-40,-49,-23,-17,-27,-22,-25]} 1. d4 Nf6 2. c4 e6 3. g3 d5 4. Bg2 dxc4 5. Nf3 c5 6. Qa4+ Nc6 7. Ne5 Bd7 8. Nxc6 Qb6 9. Qxc4 Bxc6 10. Bxc6+ Qxc6 11. O-O cxd4 12. Qxd4 Bc5 13. Qf4 O-O 14. Nc3 b5 15. a3 Qb6 16. Qf3 Bd4 17. Bd2 Rac8 18. e3 Be5 19. Rfd1 Rfd8 20. Qe2 a6 21. Be1 Nd7 22. Ne4 Qb7 23. Nd6 Bxd6 24. Rxd6 Ne5 25. Rxd8+ Rxd8 26. e4 f6 27. Bc3 Nc4 28. Qg4 Qe7 29. Rd1 Rxd1+ 30. Qxd1 Qd6 31. Qxd6 Nxd6 32. e5 fxe5 33. Bxe5 Nc4 34. Bc3 e5 35. Kf1 Kf7 36. Ke2 Ke6 37. f4 exf4 38. Bxg7 fxg3 39. hxg3 Kf5 40. Kf3 h5 41. Bc3 Nd6 42. Bg7 Nf7 43. Bc3 Ng5+ 44. Kg2 Kg4 45. Ba5 Ne4 46. Be1 Nd6 47. Bc3 Nf7 48. Be1 Ng5 49. Ba5 Ne4 50. Be1 Nd6 51. Bc3 Nf5 52. Be5 Ne3+ 53. Kf2 Nc4 54. Bc3 Nd6 55. Kg2 Kf5 56. Kf3 Nc4 57. Bh8 Nd2+ 58. Ke2 Ne4 59. Kf3 Ng5+ 60. Kg2 Nf7 61. Bc3 Ke4 62. Kh3 Nd6 63. Bh8 Nf5 64. Kg2 h4 0-1

[Event "Frome Open 2025"]
[Site "Selwood Academy, Frome"]
[Date "2025.05.17"]
[Round "3.14"]
[White "Adaway, William"]
[Black "Pleasants, Allan"]
[Result "1/2-1/2"]
[WhiteElo "1892"]
[BlackElo "1977"]
[PlyCount "35"]
[GameId "2184035716606626"]
[EventDate "2025.05.16"]
[SourceTitle "Frome Open 2025"]
[Source "David Tipper"]
[SourceDate "2025.05.19"]
[SourceVersion "1"]
[SourceVersionDate "2025.05.19"]
[SourceQuality "1"]

{[%evp 0,35,11,22,25,28,42,39,37,38,40,46,34,10,24,21,22,19,15,34,24,26,32,9,-45,14,-33,-14,-30,-32,-20,-30,0,15,18,-4,13,44]} 1. Nf3 g6 2. e4 Bg7 3. d4 d6 4. Bd3 Nc6 5. c3 e5 6. dxe5 dxe5 7. O-O Nf6 8. Na3 O-O 9. Nc4 Re8 10. h3 Nh5 11. Bc2 Be6 12. Ne3 Nf4 13. Qxd8 Raxd8 14. Ng5 Bc8 15. Bb3 Rf8 16. Nd5 Nxd5 17. Bxd5 h6 18. Nf3 1/2-1/2

[Event "Frome Open 2025"]
[Site "Selwood Academy, Frome"]
[Date "2025.05.17"]
[Round "3.15"]
[White "Jukes, Sam"]
[Black "May, Adam"]
[Result "1-0"]
[WhiteElo "1975"]
[BlackElo "1868"]
[PlyCount "55"]
[GameId "2184039016213347"]
[EventDate "2025.05.16"]
[SourceTitle "Frome Open 2025"]
[Source "David Tipper"]
[SourceDate "2025.05.19"]
[SourceVersion "1"]
[SourceVersionDate "2025.05.19"]
[SourceQuality "1"]

1. e4 c6 2. d4 d5 3. Nc3 dxe4 4. Nxe4 Nf6 5. Nxf6+ exf6 6. c3 Bd6 7. Bd3 O-O 8. Qc2 Re8+ 9. Ne2 h6 10. Be3 Nd7 11. O-O-O b5 12. h4 Qa5 13. Kb1 Nb6 14. Bf4 Bf8 15. f3 Be6 16. b3 Nd5 17. g4 Rec8 18. Bd2 Qd8 19. g5 f5 20. gxh6 g6 21. h5 Kh7 22. hxg6+ fxg6 23. Nf4 Nxf4 24. Bxf4 Qb6 25. Rdg1 c5 26. Qg2 Bd7 27. d5 c4 28. d6 1-0

[Event "Frome Open 2025"]
[Site "Selwood Academy, Frome"]
[Date "2025.05.17"]
[Round "3.17"]
[White "Woozeer, Seth"]
[Black "Davis, Colin"]
[Result "1-0"]
[WhiteElo "1677"]
[BlackElo "1953"]
[PlyCount "59"]
[GameId "2184038065666909"]
[EventDate "2025.05.16"]
[SourceTitle "Frome Open 2025"]
[Source "David Tipper"]
[SourceDate "2025.05.19"]
[SourceVersion "1"]
[SourceVersionDate "2025.05.19"]
[SourceQuality "1"]

1. Nf3 Nf6 2. b3 b6 3. g3 Bb7 4. Bg2 g6 5. Bb2 Bg7 6. O-O O-O 7. d4 d6 8. c4 Nbd7 9. Nc3 c5 10. d5 a6 11. a4 Ne8 12. Qd2 Ne5 13. Nxe5 Bxe5 14. f4 Bd4+ 15. e3 Bg7 16. Rae1 Nc7 17. e4 Bc8 18. e5 b5 19. Ne4 f5 20. exd6 exd6 21. Bxg7 Kxg7 22. Qc3+ Kg8 23. Ng5 Qf6 24. Qxf6 Rxf6 25. Re7 Ra7 26. Rxh7 bxa4 27. bxa4 Nb5 28. Rxa7 Nxa7 29. Re1 Kf8 30. Nh7+ 1-0

[Event "Frome Open 2025"]
[Site "Selwood Academy, Frome"]
[Date "2025.05.18"]
[Round "4.1"]
[White "Boswell, Jacob"]
[Black "Beaumont, Chris"]
[Result "1/2-1/2"]
[WhiteElo "2245"]
[BlackElo "2140"]
[PlyCount "210"]
[GameId "2184785575795851"]
[EventDate "2025.05.16"]
[SourceTitle "Frome Open 2025"]
[Source "David Tipper"]
[SourceDate "2025.05.19"]
[SourceVersion "1"]
[SourceVersionDate "2025.05.19"]
[SourceQuality "1"]

1. d4 Nf6 2. c4 g6 3. f3 Bg7 4. e4 d6 5. Nc3 O-O 6. Be3 c5 7. Nge2 Nc6 8. d5 Ne5 9. Ng3 h5 10. Be2 h4 11. Nf1 e6 12. f4 Nxc4 13. Bxc4 exd5 14. Bxd5 Nxd5 15. Qxd5 Be6 16. Qd3 b5 17. Nd2 h3 18. O-O hxg2 19. Rf3 b4 20. Nb5 a6 21. Nxd6 c4 22. N2xc4 Bxc4 23. Qxc4 Qxd6 24. e5 Qe7 25. Rc1 Qb7 26. Qc6 Qxc6 27. Rxc6 Rfc8 28. Rb6 a5 29. Kxg2 Rc2+ 30. Rf2 Rac8 31. Rd6 a4 32. Rd8+ Bf8 33. Rxc8 Rxc8 34. Kf3 b3 35. axb3 axb3 36. Ke4 Bc5 37. h3 Bxe3 38. Kxe3 Kg7 39. Rd2 Rh8 40. Rh2 Rd8 41. Ke4 f6 42. exf6+ Kxf6 43. Re2 Re8+ 44. Kf3 Rh8 45. Kg4 Rb8 46. Re3 Rb4 47. h4 Rb6 48. Rc3 Rb5 49. Re3 Rb7 50. Re5 Rb4 51. Rc5 Rb6 52. h5 gxh5+ 53. Rxh5 Rb4 54. Rh6+ Kg7 55. Kg5 Rb8 56. f5 Rb5 57. Rh3 Kf7 58. Rh7+ Kg8 59. Kg6 Rb4 60. Rh3 Rg4+ 61. Kf6 Rb4 62. Rd3 Rb6+ 63. Ke7 Rb7+ 64. Rd7 Rb5 65. Ke6 Rb6+ 66. Rd6 Rb4 67. Kf6 Rb7 68. Rd8+ Kh7 69. Re8 Rb4 70. Re7+ Kh6 71. Re3 Kh7 72. Kf7 Rb7+ 73. Re7 Rb8 74. f6 Rb6 75. Rd7 Rb8 76. Rc7 Rb4 77. Ke8+ Kg6 78. f7 Rb8+ 79. Ke7 Kg7 80. Rd7 Ra8 81. Rb7 Rf8 82. Ke6 Ra8 83. Ke7 Rf8 84. Ke6 Ra8 85. Rxb3 Ra6+ 86. Kd5 Kxf7 87. Re3 Rb6 88. b3 Rb8 89. Kc4 Rc8+ 90. Kd4 Rd8+ 91. Kc3 Rc8+ 92. Kd3 Rd8+ 93. Kc2 Rc8+ 94. Kb2 Rb8 95. Re4 Kf6 96. b4 Kf5 97. Rd4 Ke5 98. Kc3 Rc8+ 99. Rc4 Rb8 100. Rc6 Kd5 101. Rc5+ Kd6 102. Kc4 Rh8 103. Rd5+ Kc6 104. b5+ Kb6 105. Rd6+ Kc7 1/2-1/2

[Event "Frome Open 2025"]
[Site "Selwood Academy, Frome"]
[Date "2025.05.18"]
[Round "4.2"]
[White "White, Stuart"]
[Black "Arnott, Jonathan"]
[Result "1/2-1/2"]
[WhiteElo "2059"]
[BlackElo "2050"]
[PlyCount "54"]
[GameId "2186273366424274"]
[EventDate "2025.05.16"]
[SourceTitle "Frome Open 2025"]
[Source "David Tipper"]
[SourceDate "2025.05.19"]
[SourceVersion "1"]
[SourceVersionDate "2025.05.19"]
[SourceQuality "1"]

{[%evp 0,54,19,-24,3,3,53,7,-16,9,11,3,15,15,0,12,25,34,42,32,35,28,37,28,-21,-26,-35,-132,-54,0,0,-54,-54,-62,-28,-55,-37,-54,-65,-56,-80,-61,-50,-58,-69,-46,-54,-63,-64,-61,-36,65,-41,-27,-15,-15,-25]} 1. c4 e5 2. g3 c6 3. d4 exd4 4. Qxd4 Nf6 5. Bg2 Na6 6. Nf3 Bc5 7. Qe5+ Qe7 8. Qxe7+ Bxe7 9. Nc3 O-O 10. O-O Re8 11. b3 Bb4 {draw offer} 12. Bb2 d5 13. cxd5 Bxc3 14. Bxc3 Nxd5 15. Bd4 Rxe2 16. Rfe1 Rxe1+ 17. Rxe1 Nac7 18. Ne5 Be6 19. Nc4 b6 20. Be5 Rc8 21. h3 Ne8 22. g4 Nb4 23. Be4 Nf6 24. Bb1 Bxc4 25. bxc4 Re8 26. Kf1 Nd7 27. Bd6 Rxe1+ 1/2-1/2

[Event "Frome Open 2025"]
[Site "Selwood Academy, Frome"]
[Date "2025.05.18"]
[Round "4.3"]
[White "Shepherd, Tom"]
[Black "Murawski, Jan"]
[Result "0-1"]
[WhiteElo "1945"]
[BlackElo "2191"]
[PlyCount "82"]
[GameId "2184420570738850"]
[EventDate "2025.05.16"]
[SourceTitle "Frome Open 2025"]
[Source "David Tipper"]
[SourceDate "2025.05.19"]
[SourceVersion "1"]
[SourceVersionDate "2025.05.19"]
[SourceQuality "1"]

1. d4 Nf6 2. Nf3 d5 3. c4 e6 4. cxd5 exd5 5. Nc3 c6 6. Qc2 Be7 7. Bg5 h6 8. Bh4 O-O 9. e3 Re8 10. Bd3 Ne4 11. Bxe7 Qxe7 12. O-O Nd7 13. b4 Qxb4 14. Nxe4 dxe4 15. Bxe4 Nf6 16. Bd3 Qd6 17. Rab1 Nd5 18. Bc4 b6 19. Ne5 Be6 20. Nd3 Bf5 21. Qb3 Be4 22. Rbe1 b5 23. Bxd5 Bxd5 24. Qb2 Bxg2 25. Kxg2 Qg6+ 26. Kh1 Qe4+ 27. f3 Qxd3 28. Qf2 Re6 29. e4 Rd8 30. Rd1 Qc3 31. e5 c5 32. dxc5 Rxd1 33. Rxd1 Rxe5 34. Rd8+ Kh7 35. Rd7 Qc1+ 36. Kg2 Rg5+ 37. Kh3 Qf4 38. Qc2+ g6 39. Qe4 Rh5+ 40. Kg2 Rxh2+ 41. Kf1 Qc1+ 0-1

[Event "Frome Open 2025"]
[Site "Selwood Academy, Frome"]
[Date "2025.05.18"]
[Round "4.4"]
[White "Helbig, Paul"]
[Black "Hayward, Philip"]
[Result "0-1"]
[WhiteElo "2086"]
[BlackElo "2013"]
[PlyCount "140"]
[GameId "2184421940527272"]
[EventDate "2025.05.16"]
[SourceTitle "Frome Open 2025"]
[Source "David Tipper"]
[SourceDate "2025.05.19"]
[SourceVersion "1"]
[SourceVersionDate "2025.05.19"]
[SourceQuality "1"]

1. e4 e5 2. Nf3 Nc6 3. d4 exd4 4. Nxd4 Nf6 5. Nxc6 bxc6 6. e5 Qe7 7. Qe2 Nd5 8. c4 Ba6 9. Qe4 Nb4 10. Nc3 Rd8 11. a3 d5 12. Qb1 Qxe5+ 13. Be2 Bxc4 14. axb4 Bxb4 15. O-O Rb8 16. Qc2 Bb3 17. Qd3 O-O 18. Qf3 d4 19. Bf4 Qe6 20. Rxa7 dxc3 21. bxc3 Bd5 22. Qd3 Bd6 23. Be3 Rb2 24. Re1 Be4 25. Qd4 c5 26. Qc4 Rfb8 27. Qxe6 fxe6 28. Bf3 Bxf3 29. gxf3 Rc2 30. Ra3 c4 31. Ra4 Rxc3 32. Bd4 Rxf3 33. Rxc4 Kf7 34. Be5 Rb5 35. Kg2 Rf5 36. Bg3 Rb2 37. Kg1 Bxg3 38. fxg3 c5 39. Rf1 Rxf1+ 40. Kxf1 Rxh2 41. Rxc5 Kf6 42. Kg1 Ra2 43. Rb5 g6 44. Rb7 h5 45. Rb5 e5 46. Rb4 Kf5 47. Rb6 g5 48. Rb4 e4 49. Rb3 h4 50. gxh4 gxh4 51. Rh3 Kg4 52. Re3 Ra4 53. Kh2 Rd4 54. Kg1 Kf4 55. Rh3 Rd3 56. Rxh4+ Ke3 57. Rh8 Rd1+ 58. Kg2 Ke2 59. Re8 e3 60. Re7 Re1 61. Ra7 Rb1 62. Kh2 Kf2 63. Rg7 Ke1 64. Rc7 e2 65. Rf7 Rb4 66. Rd7 Kf2 67. Rf7+ Ke3 68. Re7+ Kf3 69. Rf7+ Ke4 70. Rf1 exf1=R 0-1

[Event "Frome Open 2025"]
[Site "Selwood Academy, Frome"]
[Date "2025.05.18"]
[Round "4.5"]
[White "Hu, Junyan"]
[Black "Burnett, Jim"]
[Result "0-1"]
[WhiteElo "1961"]
[BlackElo "2063"]
[PlyCount "84"]
[GameId "2184787291417750"]
[EventDate "2025.05.16"]
[SourceTitle "Frome Open 2025"]
[Source "David Tipper"]
[SourceDate "2025.05.19"]
[SourceVersion "1"]
[SourceVersionDate "2025.05.19"]
[SourceQuality "1"]

1. e4 e6 2. d4 d5 3. e5 c5 4. c3 Nc6 5. Nf3 Bd7 6. Be2 Qc7 7. O-O f6 8. Re1 fxe5 9. Nxe5 Nxe5 10. dxe5 O-O-O 11. Bf1 Bc6 12. Qg4 Re8 13. a4 Nh6 14. Qh3 Nf7 15. Na3 a6 16. Nb5 Qb8 17. Qh5 g6 18. Qf3 Nxe5 19. Qf6 Ng4 20. Qh4 h5 21. f3 Be7 22. Qg3 axb5 23. Qxb8+ Kxb8 24. fxg4 c4 25. Bf4+ Kc8 26. axb5 Bxb5 27. gxh5 gxh5 28. Be5 Rh7 29. b4 Kd7 30. Ra5 Kc6 31. Rea1 Bg5 32. h3 Be3+ 33. Kh1 Rf7 34. Be2 Rf5 35. Bg3 e5 36. Ra8 Rxa8 37. Rxa8 d4 38. Bf3+ Kb6 39. cxd4 exd4 40. Rb8 Rxf3 41. gxf3 c3 42. Rc8 Bc6 0-1

[Event "Frome Open 2025"]
[Site "Selwood Academy, Frome"]
[Date "2025.05.18"]
[Round "4.6"]
[White "Lopatko, Vasyl"]
[Black "Yu, Rock"]
[Result "0-1"]
[WhiteElo "1933"]
[BlackElo "2048"]
[PlyCount "56"]
[GameId "2184785701301392"]
[EventDate "2025.05.16"]
[SourceTitle "Frome Open 2025"]
[Source "David Tipper"]
[SourceDate "2025.05.19"]
[SourceVersion "1"]
[SourceVersionDate "2025.05.19"]
[SourceQuality "1"]

1. d4 Nf6 2. c4 e6 3. g3 c5 4. d5 exd5 5. cxd5 d6 6. Nc3 g6 7. h4 Bg7 8. Bg2 O-O 9. Nh3 Bxh3 10. Bxh3 b5 11. O-O b4 12. Nb1 Nbd7 13. Bg5 Nb6 14. Bg2 h6 15. Bxf6 Qxf6 16. Nd2 Qxb2 17. Rc1 Qxa2 18. e4 Qb2 19. f4 Qd4+ 20. Kh1 a5 21. f5 a4 22. Qe2 Rfe8 23. fxg6 fxg6 24. Rf3 a3 25. Rd3 Qb2 26. Rf1 a2 27. Qg4 a1=Q 28. Qxg6 Rf8 0-1

[Event "Frome Open 2025"]
[Site "Selwood Academy, Frome"]
[Date "2025.05.18"]
[Round "4.7"]
[White "Ashworth, Michael"]
[Black "Morrison, Joseph"]
[Result "1/2-1/2"]
[WhiteElo "2041"]
[BlackElo "1743"]
[PlyCount "76"]
[GameId "2184428414805772"]
[EventDate "2025.05.16"]
[SourceTitle "Frome Open 2025"]
[Source "David Tipper"]
[SourceDate "2025.05.19"]
[SourceVersion "1"]
[SourceVersionDate "2025.05.19"]
[SourceQuality "1"]

1. d4 Nf6 2. Nf3 e6 3. c4 b6 4. g3 Bb7 5. Bg2 Be7 6. O-O O-O 7. Nc3 Ne4 8. Qc2 Nxc3 9. Qxc3 d6 10. b3 f5 11. Bb2 Bf6 12. Qd2 Qe8 13. h4 Nd7 14. Rad1 h6 15. Ne1 Bxg2 16. Kxg2 Rd8 17. Nd3 e5 18. dxe5 dxe5 19. Qc1 c5 20. b4 Qe6 21. bxc5 bxc5 22. Ba3 f4 23. Rh1 g5 24. hxg5 Bxg5 25. Qc2 fxg3 26. Kxg3 Qf5 27. f3 e4 28. Ne1 Qf4+ 29. Kg2 Bh4 30. Rh3 exf3+ 31. exf3 Ne5 32. Bc1 Qf6 33. Rxd8 Rxd8 34. Qe4 Rd4 35. Qe2 Nxc4 36. f4 Bxe1 37. Qxe1 Qc6+ 38. Kh2 Qe4 1/2-1/2

[Event "Frome Open 2025"]
[Site "Selwood Academy, Frome"]
[Date "2025.05.18"]
[Round "4.8"]
[White "Zhang, Junyi"]
[Black "Walsh, Jordan"]
[Result "1-0"]
[WhiteElo "2109"]
[BlackElo "1615"]
[PlyCount "61"]
[GameId "2184782530808902"]
[EventDate "2025.05.16"]
[SourceTitle "Frome Open 2025"]
[Source "David Tipper"]
[SourceDate "2025.05.19"]
[SourceVersion "1"]
[SourceVersionDate "2025.05.19"]
[SourceQuality "1"]

1. e4 c5 2. Nf3 a6 3. c4 Nc6 4. d4 cxd4 5. Nxd4 e5 6. Nc2 Nf6 7. Nc3 Bc5 8. Be2 d6 9. O-O Be6 10. Bg5 O-O 11. Rb1 Nd4 12. b4 Nxe2+ 13. Qxe2 Ba7 14. Ne3 h6 15. Bxf6 Qxf6 16. Ncd5 Bxd5 17. Nxd5 Qg5 18. Kh1 f5 19. Nc7 Rac8 20. Ne6 Qg6 21. Nxf8 Rxf8 22. exf5 Rxf5 23. Qe4 Qf6 24. Qxb7 Rxf2 25. Rxf2 Qxf2 26. c5 Qxa2 27. Rf1 Qc4 28. Qc8+ Kh7 29. Qf5+ Kg8 30. cxd6 Qxb4 31. Qf8+ 1-0

[Event "Frome Open 2025"]
[Site "Selwood Academy, Frome"]
[Date "2025.05.18"]
[Round "4.9"]
[White "Ponting, Andrew"]
[Black "Richmond, Jane"]
[Result "0-1"]
[WhiteElo "1910"]
[BlackElo "2033"]
[PlyCount "46"]
[GameId "2184784607431764"]
[EventDate "2025.05.16"]
[SourceTitle "Frome Open 2025"]
[Source "David Tipper"]
[SourceDate "2025.05.19"]
[SourceVersion "1"]
[SourceVersionDate "2025.05.19"]
[SourceQuality "1"]

1. e4 e5 2. Nf3 Nc6 3. Bb5 Nge7 4. O-O Ng6 5. c3 a6 6. Ba4 Be7 7. d4 d6 8. Re1 O-O 9. d5 Nb8 10. Be3 f5 11. exf5 Bxf5 12. Nbd2 Nd7 13. Bc2 Bxc2 14. Qxc2 Nf4 15. c4 Qe8 16. Rac1 Qh5 17. Bxf4 Rxf4 18. Re4 Rf7 19. Nf1 a5 20. Re3 Raf8 21. Ng3 Qh6 22. Ne4 Rf4 23. Qa4 Rxe4 0-1

[Event "Frome Open 2025"]
[Site "Selwood Academy, Frome"]
[Date "2025.05.18"]
[Round "4.10"]
[White "Pugh, Derek C"]
[Black "Jukes, Sam"]
[Result "0-1"]
[WhiteElo "2026"]
[BlackElo "1975"]
[PlyCount "142"]
[GameId "2184980387267270"]
[EventDate "2025.05.16"]
[SourceTitle "Frome Open 2025"]
[Source "David Tipper"]
[SourceDate "2025.05.19"]
[SourceVersion "1"]
[SourceVersionDate "2025.05.19"]
[SourceQuality "1"]

1. Nc3 e5 2. e4 Nf6 3. Bc4 Bc5 4. Qf3 c6 5. d3 b5 6. Bb3 a5 7. a3 d6 8. Nge2 Bg4 9. Qg3 Nbd7 10. h3 Be6 11. Bxe6 fxe6 12. Be3 Bxe3 13. Qxe3 d5 14. Qg3 d4 15. Nb1 O-O 16. O-O Qe7 17. Qh4 c5 18. Nd2 Nd5 19. Qxe7 Nxe7 20. a4 bxa4 21. Nc4 Nc6 22. Rxa4 Rfb8 23. Rfa1 Nb6 24. Nxb6 Rxb6 25. b3 g5 26. Kf1 Kf7 27. Ng1 h5 28. Nf3 Kf6 29. Nd2 Rb5 30. Nc4 Ke7 31. Ke2 Kf6 32. f3 h4 33. Kd2 Ra7 34. Kc1 Ra8 35. Nb2 Rf8 36. Rc4 Ke7 37. Kd2 Nb4 38. Na4 Kd6 39. Ke2 Nc6 40. Kf2 Ne7 41. Nb2 Nc6 42. Rca4 Ke7 43. Nc4 Ra8 44. g3 Kf6 45. gxh4 gxh4 46. Rg1 Rb4 47. Rga1 Rxa4 48. Rxa4 Ke7 49. Ra1 Rg8 50. Nxa5 Nb4 51. Nc4 Rg3 52. Nxe5 Rxh3 53. Ng4 Kd6 54. e5+ Kc6 55. Ra8 Rh1 56. Re8 Rc1 57. Rxe6+ Kd7 58. Rd6+ Ke7 59. f4 Rxc2+ 60. Kf3 Nxd3 61. Ke4 Nf2+ 62. Nxf2 Rxf2 63. Rh6 Re2+ 64. Kf5 d3 65. Rd6 Re3 66. Rh6 h3 67. e6 d2 68. Rh7+ Kf8 69. Rd7 h2 70. Kf6 Rxe6+ 71. Kxe6 h1=Q 0-1

[Event "Frome Open 2025"]
[Site "Selwood Academy, Frome"]
[Date "2025.05.18"]
[Round "4.11"]
[White "Hill, Andy"]
[Black "Bennett, Dominic"]
[Result "1-0"]
[WhiteElo "1996"]
[BlackElo "1969"]
[PlyCount "127"]
[GameId "2184980527657726"]
[EventDate "2025.05.16"]
[SourceTitle "Frome Open 2025"]
[Source "David Tipper"]
[SourceDate "2025.05.19"]
[SourceVersion "1"]
[SourceVersionDate "2025.05.19"]
[SourceQuality "1"]

1. Nf3 d6 2. d4 Bg4 3. c4 g6 4. Nc3 Bg7 5. g3 Nc6 6. e3 e5 7. d5 Nce7 8. Bg2 h6 9. Qc2 a6 10. Nd2 Nf6 11. O-O O-O 12. h3 Bf5 13. e4 Bd7 14. Rb1 Qc8 15. Kh2 h5 16. b4 Nh7 17. Nb3 f5 18. f3 Rf7 19. Bd2 g5 20. Rbc1 f4 21. g4 hxg4 22. hxg4 Bf8 23. Rh1 Ng6 24. Be1 Nf6 25. Kg1 Be7 26. Bf2 Qf8 27. c5 Qg7 28. Na5 Raf8 29. Nxb7 Nh4 30. Qd3 Bxg4 31. fxg4 Nxg4 32. Nd1 Nxg2 33. Kxg2 Nf6 34. cxd6 cxd6 35. Kf1 g4 36. Rc6 Ne8 37. Na5 Rf6 38. Rxa6 Rg6 39. Nc6 g3 40. Rg1 Bh4 41. Qf3 gxf2 42. Rxg6 Qxg6 43. Nxf2 Qg3 44. Ra3 Ng7 45. b5 Qh2 46. Qg2 Qxg2+ 47. Kxg2 Nh5 48. b6 Bxf2 49. Kxf2 Ng3 50. Kf3 Nf1 51. b7 Nd2+ 52. Kf2 Nxe4+ 53. Ke1 Nf6 54. Ra8 Nd7 55. b8=Q Nxb8 56. Rxb8 Rxb8 57. Nxb8 Kf7 58. Nc6 Kf6 59. a4 Kf5 60. a5 Kg4 61. a6 Kg3 62. a7 f3 63. a8=Q f2+ 64. Kf1 1-0

[Event "Frome Open 2025"]
[Site "Selwood Academy, Frome"]
[Date "2025.05.18"]
[Round "4.12"]
[White "Ogunshola, Olugbemiga"]
[Black "Adaway, William"]
[Result "1-0"]
[WhiteElo "2050"]
[BlackElo "1892"]
[PlyCount "31"]
[GameId "2184983408719030"]
[EventDate "2025.05.16"]
[SourceTitle "Frome Open 2025"]
[Source "David Tipper"]
[SourceDate "2025.05.19"]
[SourceVersion "1"]
[SourceVersionDate "2025.05.19"]
[SourceQuality "1"]

1. c4 e6 2. Nf3 d5 3. g3 Nf6 4. Bg2 dxc4 5. O-O a6 6. a4 Nc6 7. Qc2 Na5 8. Na3 Nb3 9. Rb1 Bxa3 10. bxa3 Na5 11. Ne5 Nb3 12. Bb2 Rb8 13. Nxc4 Nd4 14. Bxd4 Qxd4 15. Na5 O-O 16. Nc6 1-0

[Event "Frome Open 2025"]
[Site "Selwood Academy, Frome"]
[Date "2025.05.18"]
[Round "4.13"]
[White "Pleasants, Allan"]
[Black "Bourne, Jonathan"]
[Result "1/2-1/2"]
[WhiteElo "1977"]
[BlackElo "1915"]
[PlyCount "48"]
[GameId "2184984024782012"]
[EventDate "2025.05.16"]
[SourceTitle "Frome Open 2025"]
[Source "David Tipper"]
[SourceDate "2025.05.19"]
[SourceVersion "1"]
[SourceVersionDate "2025.05.19"]
[SourceQuality "1"]

1. Nf3 f5 2. g3 Nf6 3. Bg2 d6 4. d4 e6 5. c4 Be7 6. Nc3 O-O 7. Qc2 a5 8. b3 Nc6 9. Bb2 e5 10. dxe5 dxe5 11. Rd1 Qe8 12. Nb5 Bd8 13. Rxd8 Qxd8 14. Nxe5 Nb4 15. Qb1 c6 16. Nd4 Ne4 17. f3 c5 18. a3 cxd4 19. fxe4 Qd6 20. axb4 Qxe5 21. Qd3 fxe4 22. Bxe4 Bf5 23. Bxf5 Qxf5 24. Qxf5 Rxf5 1/2-1/2

[Event "Frome Open 2025"]
[Site "Selwood Academy, Frome"]
[Date "2025.05.18"]
[Round "4.14"]
[White "Thurlow, Kevin"]
[Black "Callow, Chris"]
[Result "1-0"]
[WhiteElo "1957"]
[BlackElo "1843"]
[PlyCount "23"]
[GameId "2184985807119950"]
[EventDate "2025.05.16"]
[SourceTitle "Frome Open 2025"]
[Source "David Tipper"]
[SourceDate "2025.05.19"]
[SourceVersion "1"]
[SourceVersionDate "2025.05.19"]
[SourceQuality "1"]

1. c4 Nf6 2. Nc3 e6 3. e4 d5 4. e5 Nfd7 5. d4 c5 6. cxd5 cxd4 7. Qxd4 Bc5 8. Qg4 Nxe5 9. Qxg7 Ng6 10. Bb5+ Bd7 11. dxe6 fxe6 12. Bd3 1-0

[Event "Frome Open 2025"]
[Site "Selwood Academy, Frome"]
[Date "2025.05.18"]
[Round "4.15"]
[White "McGeeney, David"]
[Black "Davis, Colin"]
[Result "0-1"]
[WhiteElo "1660"]
[BlackElo "1953"]
[PlyCount "90"]
[GameId "2184986425685696"]
[EventDate "2025.05.16"]
[SourceTitle "Frome Open 2025"]
[Source "David Tipper"]
[SourceDate "2025.05.19"]
[SourceVersion "1"]
[SourceVersionDate "2025.05.19"]
[SourceQuality "1"]

1. e4 d6 2. d4 Nf6 3. Nc3 g6 4. e5 dxe5 5. dxe5 Qxd1+ 6. Nxd1 Nd5 7. Bc4 Nb6 8. Bb3 Nc6 9. f4 Nd4 10. Be3 Nxb3 11. axb3 Bf5 12. Bxb6 cxb6 13. Ne3 Be4 14. Ne2 e6 15. Nc3 Bc6 16. O-O Bc5 17. Rfe1 b5 18. Kf1 O-O-O 19. Ra5 a6 20. Re2 Rd4 21. Rf2 Rhd8 22. Ra1 b4 23. Na4 Ba7 24. Nc4 b5 25. Nd6+ R4xd6 26. exd6 Bxf2 27. Kxf2 bxa4 28. Rd1 axb3 29. c4 a5 30. c5 a4 31. Ra1 a3 32. Ke3 a2 33. Kd4 Bd5 34. g4 f5 35. g5 Kd7 36. Ke5 Kc6 37. Kd4 Kb5 38. Rc1 Be4 39. Ra1 Bb1 40. Ke5 Kxc5 41. Kxe6 Rxd6+ 42. Kf7 Rd2 43. h4 Rxb2 44. Kg7 Rh2 45. Kxh7 b2 0-1